000 00681nam a22002177a 4500
005 20251108165032.0
008 250721s2002 xx 000 0 ara d
020 _a9953160767
082 1 4 _aط/597.96/لوا
100 1 _aلوالين، كلير
_eمؤلف
245 1 0 _aلم أكن اعلم أن بعض الأفاعي ينفث السم /
264 1 _aبيروت :
_bدار المجاني،
_c2002.
300 _a32ص.
490 0 _aلم أكن أعلم
650 1 7 _aالثعابين
650 1 7 _aالزواحف
653 _aناشاون صغار (10-14) سنه
700 1 _aعيسى، ديانا ابي عبود
_eمترجم
942 _2ddc
_cBK
999 _c20517
_d20517